| 000 | 02287nam0a2200397 4500 | ||
|---|---|---|---|
| 001 | RU\NLR\BIBL_A\022111615 | ||
| 005 | 20240201132511.0 | ||
| 010 |
_a978-5-93491-962-8 _9500 |
||
| 021 |
_aRU _bКН-П-23-078083 _9КН-П-23-7891 |
||
| 035 | _a(NLR Aleph) 022111615 | ||
| 035 | _a(RuMoRGB)012433472 | ||
| 090 |
_a12779195 _c12779195 |
||
| 100 | _a20240119d2023 u y0rusy50 ca | ||
| 101 | 0 | _arus | |
| 102 | _aRU | ||
| 105 | _aa j 000yy | ||
| 181 | 0 |
_ai3 _baxxe |
|
| 182 | 0 | _an | |
| 200 | 1 |
_aБиологическая защита озимой пшеницы от комплекса грибных заболеваний _eпрактические рекомендации _fМ. С. Гвоздева, Г. В. Волкова _gМинистерство науки и высшего образования Российской Федерации, Федеральное государственное бюджетное научное учреждение "Федеральный научный центр биологической защиты растений" (ФГБНУ ФНЦБЗР) |
|
| 203 |
_aТекст _bвизуальный _cнепосредственный |
||
| 210 |
_aКраснодар _cПросвещение-Юг _d2023 |
||
| 215 |
_a54 с. _cил., цв. ил., табл. _d21 |
||
| 300 | _aАвт. указаны на обороте тит. с. в макете | ||
| 320 | _aБиблиогр.: с. 51-54 (36 назв.) | ||
| 606 | 1 |
_aГрибные болезни озимой пшеницы _jМетодические пособия _xБорьба с ними _xБиологические методы _92578454 _3RU\NLR\AUTH\6601735215 |
|
| 675 |
_a632.937:632.48:633.11"324"(083.131) _v4 |
||
| 686 | 1 | _aП415.8я8 | |
| 686 | 1 | _aП491.127.81-25я8 | |
| 700 | 1 |
_aГвоздева _bМ. С. |
|
| 701 | 1 |
_7ca _8rus _aВолкова _bГ. В. _cд-р биол. наук _gГалина Владимировна _915754 _3RU\NLR\AUTH\7732746 |
|
| 712 | 0 | 2 |
_4570 _aФедеральный научный центр биологической защиты растений _cКраснодар _9821432 _3RU\NLR\AUTH\880577838 |
| 942 | _cBOOK | ||
| 980 | _aNB | ||